000 00234 a2200109 4500
020 _a9780022773045
041 _aspa
100 _aGibson, Akim
245 _a Lewis Howard Latimer : Una mente creadora
942 _cBK
999 _c29673
_d29671
999 _d29671